One hundred shots /

Bibliographic Details
Other Authors: Daido, Tomoko, 1976- (Photographer)
Format: Book
Language:English
Published: Great Barrington, Massachusetts : The Figures, 2014.
Subjects:

MARC

Tag First Indicator Second Indicator Subfields
LEADER 00000cam a2200000Ii 4500
001 in00003582008
005 20150821103039.0
008 150413s2014 maua 000 0 eng d
035 |a (OCoLC)ocn907272191 
040 |a YDXCP  |b eng  |e rda  |c YDXCP  |d OCLCO  |d OCLCQ  |d VGM  |d BDX 
020 |a 9781930589308 
020 |a 1930589301 
024 8 |a 40025035206 
029 1 |a AU@  |b 000055099307 
035 |a (OCoLC)907272191 
050 4 |a TR655  |b .D32 2014 
049 |a TXAM 
100 1 |a Daido, Tomoko,  |d 1976-  |e photographer. 
245 1 0 |a One hundred shots /  |c Tomoko Daido ; introduction by Geoffrey Young. 
264 1 |a Great Barrington, Massachusetts :  |b The Figures,  |c 2014. 
264 2 |a Berkeley, CA :  |b SPD 
264 3 |a Dalton, MA :  |b Studley Press, Dalton 
300 |a 7, 100 pages :  |b chiefly illustrations ;  |c 25 cm. 
336 |a still image  |b sti  |2 rdacontent 
336 |a text  |b txt  |2 rdacontent 
337 |a unmediated  |b n  |2 rdamedia 
338 |a volume  |b nc  |2 rdacarrier 
500 |a "Printed July 2014 at the Studley Press, Dalton, MA in an edition limited to three hundred copies"--Page 104. 
650 0 |a Photography, Artistic. 
700 1 |a Young, Geoffrey,  |d 1944-  |e writer of introduction. 
938 |a YBP Library Services  |b YANK  |n 12374797 
938 |a Brodart  |b BROD  |n 112468152 
947 |a A14842892508 
945 |a PromptCat  |b 289315 
946 |a stk 
994 |a 92  |b TXA 
948 |a Cataloged  |b h  |c 2015/8/21  |d c  |e AReeder 
999 f f |s 343a2361-02ef-36e3-83d3-fb08ae8b5e20  |i 5b2a67cb-b9e6-3890-99d6-d44e84744508  |t 0 
952 f f |p normal  |a Texas A&M University  |b College Station  |c Sterling C. Evans Library  |d Evans: Library Stacks  |t 0  |e TR655 .D32 2014  |h Library of Congress classification  |i unmediated -- volume  |m A14842892508 
998 f f |a TR655 .D32 2014  |t 0  |l Evans: Library Stacks